02091nam a2200385 i 4500001001000000003000900010005001700019007000300036008004100039020001800080040003000098049000900128082001400137100005100151245017600202264006300378300004500441336002700486337003300513338002800546490004300574500009700617500007900714590002600793700005700819700004900876910001500925942001400940952013900954952013901093952012701232952013301359952019601492999001701688000024339DO-SdBNP20241015140953.0ta110126s2010 dr a 000 0 spa d a9789945869316 aDO-SdBNPbspacBNPHUerda aBNPD 4bG934s2221 aGuerrero Cano, María Magdalena,945723ecano10aSociedad, política e iglesia en el Santo Domingo Colonial, 1861-1865 /cMaría Magdalena Guerrero Cano : cuidado de edición, José Chez Checo, Emilio Cordero Michel. aSanto Domingo :bAcademia Dominicana de la Historia,c2010 a624 páginas :bilustraciones ;c23 cm. 2rdacontentatextobtxt 2rdamediaasin mediaciónbn 2rdacarrieravolumenbnc aAcademia Dominicana de la Historiav87 aIncluye referencias bibliográficas y notas al pie de las páginas e índice onomástico aIncluye datos biográficos de la autora en la solapa de la contracubierta aInventariado, 2024/BT1 aCordero Michel, Emilio,d1929-2018eedición9440291 aChez Checo, José,d1949-eedición910145 aBtavárez 2ddccLBS1 00102ddc56708DSaBNPHUbBNPHUcCTd2011-01-26l0oBNPHU DS G934sp24339-30r2020-06-25te. 3w2020-06-25yLBS1ZPréstamo en sala 00102ddc56708DSaBNPHUbBNPHUcCTd2011-04-14l0oBNPHU DS G934sp24339-40r2020-06-25te. 4w2020-06-25yLBS1ZPréstamo en sala 00102ddc51708PDaBNPHUbBNPHUcCTd2011-01-26l0oBNPHU PD G934sp24339-10r2020-06-25w2020-06-25yLBS1ZNo se presta 00102ddc51708PDaBNPHUbBNPHUcCTd2011-01-26l0oBNPHU PD G934sp24339-20r2020-06-25te. 2w2020-06-25yLBS1ZNo se presta 00102ddc56708DSaBNPHUbBNPHUcCTd2024-05-03eDonaciónl0oBNPHU DS G934sp2024-2746r2024-05-03te.5w2024-05-03yLBS1zPerteneció a la biblioteca personal de Emilio Cordero Michel. c23832d23832